さわやかの店舗 - Statistics

General Stats
  • This quiz has been taken 77 times
  • The average score is 11 of 34
Answer Stats
Hint Answer % Correct
焼津市 焼津店
73%
島田市 島田店
72%
吉田町 吉田店
69%
函南町 函南店
63%
静岡市 新静岡セノバ店
61%
袋井市 袋井本店
59%
長泉町 長泉店
56%
磐田市 磐田本店
55%
御殿場市 御殿場インター店
55%
菊川市 菊川本店
51%
掛川市 掛川本店
45%
沼津市 沼津学園通り店
44%
浜松市 浜松高塚店
38%
浜松市 浜松遠鉄店
38%
静岡市 静岡インター店
37%
富士市 富士鷹岡店
34%
静岡市 静岡池田店
25%
浜松市 浜北店
24%
富士市 富士錦店
24%
浜松市 細江本店
23%
磐田市 豊田店
23%
掛川市 掛川インター店
23%
浜松市 浜松白羽店
17%
静岡市 静岡瀬名川店
17%
藤枝市 藤枝築地店
15%
浜松市 浜松和合店
14%
浜松市 イオンモール浜松市野店
14%
湖西市 湖西浜名湖店
14%
浜松市 浜松富塚店
13%
浜松市 浜松有玉店
13%
浜松市 浜松鴨江店
11%
浜松市 浜松篠ケ瀬店
11%
浜松市 浜松高丘店
6%
御殿場市 御殿場プレミアム・アウトレット店
1%
No matching quizzes found
Score Distribution
Percent of People with Each Score
Percentile by Number Answered
Your Score History
You have not taken this quiz